• 首页
  • 本馆介绍
  • 公告通知
  • 最新文献
  • 馆藏检索
  • 电子资源
  • 读者导购
  • 参考咨询
  • 我的图书馆
  • 登录
  • 详细信息显示
  • 放入我的书架
  • 预约/预借图书
  • 作者相关作品
  • 分类相关作品
  • 丛书相关作品
  • 出版社相关作品

书目信息

  • 表格格式
  • 工作单格式
  • 卡片格式
题名:
中国图书情报事业发展研究
    
 
作者: 杨沛超 著
分册:  
出版信息: 北京   国家图书馆出版社  2010.08
页数: 16,250页
开本: 23cm
丛书名: 当代中国图书馆学研究文库
单 册:
中图分类: G250-53
科图分类:
主题词: 图书情报工作--中国--文集 , 图书情报工作
电子资源:
ISBN: 978-7-5013-3759-0
000 01072oam2 2200289 45
001 512
005 20120531162324.90
010    @a978-7-5013-3759-0@dCNY62.00
100    @a20120328d2010 em y0chiy0110 ea
101 0  @achi
102    @aCN@b110000
105    @aak z 000yy
106    @ar
200 1  @a中国图书情报事业发展研究@AZhong Guo Tu Shu Qing Bao Shi Ye Fa Zhan Yan Jiu@f杨沛超著@FYang Pei Chao Zhu
210    @a北京@c国家图书馆出版社@d2010.08
215    @a16,250页@c图@d23cm
225 2  @a当代中国图书馆学研究文库
300    @a国家“十一五”重点图书出版规划项目 本书的出版,得到北京人天书店的经费资助
308    @a丛书第三辑
330    @a本书分为文献资源建设与用户研究、图书情报事业发展与人才培养两部分。包括:21世纪中国文献资源建设发展战略构想、我国文献资源建设概观等。
461  0 @12001 @a当代中国图书馆学研究文库@1701 0@a吴慰慈@4主编
606 0  @a图书情报工作@y中国@j文集
606 0  @a图书情报工作
690    @aG250-53@v4
701  0 @a杨沛超@AYang Pei Chao@f(1955~)@4著
801  0 @aCN@bTSTCL@c20120328
905    @b0814772-74@dG250-53@e133@f3
    
    中国图书情报事业发展研究/杨沛超著.-北京:国家图书馆出版社,2010.08
    16,250页:图;23cm.-(当代中国图书馆学研究文库)
    国家“十一五”重点图书出版规划项目 本书的出版,得到北京人天书店的经费资助
    
    ISBN 978-7-5013-3759-0:CNY62.00
    本书分为文献资源建设与用户研究、图书情报事业发展与人才培养两部分。包括:21世纪中国文献资源建设发展战略构想、我国文献资源建设概观等。
●
相关链接 在E读中查询图书 在五车中查询图书 在当当中查询图书 在豆瓣中查询图书


正题名:中国图书情报事业发展研究     索取号:G250-53/133         预约/预借

序号 登录号 条形码 馆藏地/架位号 状态 备注
1 0814772   208147726   第一样本阅览室/ [索取号:G250-53/133] 在馆    
2 0814773   208147735   第四借阅区/ [索取号:G250-53/133] 在馆    
3 0814774   208147744   第四借阅区/ [索取号:G250-53/133] 在馆    
唐山师范学院图书馆 欢迎您!
大连网信软件有限公司© 版权所有